000 00763cam a22002531 4500
001 29892
003 BD-RjUL
005 20211209051458.0
008 140408s1968 nyua b 000 0 eng
035 _a(BD-RjUL)29977
040 _aDLC
_cDLC
_dBD-RjUL
_beng
041 _aeng
082 0 0 _a612.822
_bBOB 1968
100 1 _aBogoch, Samuel,
_d1928-
_990944
245 1 4 _aThe biochemistry of memory :
_bwith an inquiry into the function of the brain mucoids /
260 _aNew York :
_bOxford University Press,
_c1968.
300 _axi, 254 p. :
_billus. ;
_c22 cm.
504 _aBibliography: p. 219-243.
650 0 _aBrain.
_990945
650 0 _aMemory
_xPhysiological aspects.
_990946
942 _2ddc
_cBK
999 _c29892
_d29892